| 000 | 01196nam a2200313 a 4500 | ||
|---|---|---|---|
| 001 | 1609056 | ||
| 005 | 19950117144201.0 | ||
| 008 | 941017s1992 enka b 001 0 eng d | ||
| 010 | _a94219704 | ||
| 020 |
_a0750605898 _c40.00 |
||
| 035 | _a(OCoLC)27172066 | ||
| 040 |
_aUk _cUk _dDLC |
||
| 042 | _alccopycat | ||
| 050 | 0 | 0 |
_aTK7868.P7 _bS65 1992 |
| 082 | 0 | 0 |
_a621.381531 _220 _bJUD |
| 100 | 1 |
_aJudd, Mike. _97288 |
|
| 245 | 1 | 0 |
_aSoldering in Electronics Assembly / _cMike Judd and Keith Brindley. |
| 260 |
_aOxford ; _aNew York : _bNewnes, _cc1992. |
||
| 300 |
_axi, 286 p. : _bill. ; _c26 cm. |
||
| 504 | _aIncludes bibliographical references (p. [233]-238) and index. | ||
| 650 | 0 |
_aPrinted circuits _xDesign and construction. _97289 |
|
| 650 | 0 |
_aSolder and soldering. _97290 |
|
| 653 | 0 |
_aElectronic equipment _aComponents _aAssembly |
|
| 700 | 1 |
_aBrindley, Keith. _97291 |
|
| 740 | 0 | _aElectronics assembly. | |
| 942 |
_2ddc _cBB |
||
| 999 |
_c12131 _d12131 |
||